La experiencia de la lectura : (Registro nro. 3424)
[ vista simple ]
| 000 -CABECERA | |
|---|---|
| campo de control de longitud fija | 01575cam a2200289 a 4500 |
| 001 - NÚMERO DE CONTROL | |
| campo de control | 161021 |
| 003 - IDENTIFICADOR DEL NÚMERO DE CONTROL | |
| campo de control | AR-RoIUNI |
| 005 - FECHA Y HORA DE LA ÚLTIMA TRANSACCIÓN | |
| campo de control | 20210322125045.0 |
| 007 - CAMPO FIJO DE DESCRIPCIÓN FÍSICA--INFORMACIÓN GENERAL | |
| campo de control de longitud fija | ta |
| 008 - DATOS DE LONGITUD FIJA--INFORMACIÓN GENERAL | |
| campo de control de longitud fija | 980501s1996 sp rb 000 0 spa d |
| 010 ## - NÚMERO DE CONTROL DE LA BIBLIOTECA DEL CONGRESO | |
| Número de control de LC | 98146064 |
| 020 ## - NÚMERO INTERNACIONAL ESTÁNDAR DEL LIBRO | |
| Número Internacional Estándar del Libro | 8475843247 |
| 035 ## - NÚMERO DE CONTROL DEL SISTEMA | |
| Número de control de sistema | (SpBaP)pu 970001240 |
| 040 ## - FUENTE DE LA CATALOGACIÓN | |
| Centro catalogador/agencia de origen | DLC |
| Centro/agencia transcriptor | AR-RoIUNI |
| 080 ## - NÚMERO DE LA CLASIFICACIÓN DECIMAL UNIVERSAL | |
| Número de la Clasificación Decimal Universal | 80 |
| 100 1# - ENTRADA PRINCIPAL--NOMBRE DE PERSONA | |
| Nombre de persona | Larrosa, Jorge. |
| 245 13 - MENCIÓN DE TÍTULO | |
| Título | La experiencia de la lectura : |
| Resto del título | estudios sobre literatura y formación / |
| Mención de responsabilidad, etc. | Jorge Larrosa. |
| 250 ## - MENCIÓN DE EDICIÓN | |
| Mención de edición | 1a ed., 1a reimpr. |
| 260 ## - PUBLICACIÓN, DISTRIBUCIÓN, ETC. (PIE DE IMPRENTA) | |
| Lugar de publicación, distribución, etc. | Barcelona : |
| Nombre del editor, distribuidor, etc. | Laertes, |
| Fecha de publicación, distribución, etc. | 1998. |
| 300 ## - DESCRIPCIÓN FÍSICA | |
| Extensión | 494 p. ; |
| Dimensiones | 20 cm. |
| 490 0# - MENCIÓN DE SERIE | |
| Mención de serie | Laertes psicopedagogía ; |
| Designación de volumen o secuencia | 82 |
| 505 0# - NOTA DE CONTENIDO CON FORMATO | |
| Nota de contenido con formato | 1. Literatura, experiencia y formación. Una entrevista -- 2. Venenos y antídotos. Platón -- 3. Biblioterapias y bibliopatologías. Proust -- 4. La lectura en el lenguaje. Foucault -- 5. El laberinto y la metamorfosis. Montaigne -- 6. Viajes pedagógicamente tutelados -- 7. Leer en dirección a lo desconocido. Nietzsche -- 8. Un mundo por fin legible y deambulable. Handke -- 9. Traducción y Bildung. Goethe y Schleiermacher -- 10. La Bildung anárquica. F. Schlegel y Novalis -- 11. La tarea del lector. Benjamin -- 12. La dificultad de lo propio. Hölderlin y Heidegger -- 13. La novela pedagógica y la pedagogización de la novela -- 14. Sobre la enseñanza de la filosofía -- 15. La crisis de las humanidades y la lectura -- 16. Narrativa, identidad y desidentificación -- 17. Imágenes del estudiar. |
| 650 #4 - PUNTO DE ACCESO ADICIONAL DE MATERIA--TÉRMINO DE MATERIA | |
| Término de materia o nombre geográfico como elemento inicial | PSICOLOGÍA |
| 9 (RLIN) | 108 |
| 650 #4 - PUNTO DE ACCESO ADICIONAL DE MATERIA--TÉRMINO DE MATERIA | |
| Término de materia o nombre geográfico como elemento inicial | PEDAGOGÍA |
| 9 (RLIN) | 475 |
| 650 #4 - PUNTO DE ACCESO ADICIONAL DE MATERIA--TÉRMINO DE MATERIA | |
| Término de materia o nombre geográfico como elemento inicial | LITERATURA |
| 9 (RLIN) | 557 |
| 942 ## - ELEMENTOS DE PUNTO DE ACCESO ADICIONAL (KOHA) | |
| Fuente del sistema de clasificación o colocación | Clasificación Decimal Universal |
| Tipo de ítem Koha | Libros |
| Estado de retiro | Estado de pérdida | Fuente del sistema de clasificación o colocación | Estado dañado | Excepción de préstamo | Código de colección | Localización permanente | Ubicación/localización actual | Ubicación en estantería | Fecha de adquisición | Número de inventario | Total de préstamos | Signatura topográfica completa | Código de barras | Fecha visto por última vez | Número de copia | Precio válido a partir de | Tipo de ítem Koha | Nota pública |
|---|---|---|---|---|---|---|---|---|---|---|---|---|---|---|---|---|---|---|
| Clasificación Decimal Universal | Psicología | BIBLIOTECA RIOBAMBA | BIBLIOTECA RIOBAMBA | BIBLIOTECA RIOBAMBA | 22/08/2016 | 3520 | 80 LAR | 3520 | 19/10/2016 | 1 | 19/10/2016 | Libros | Donación Pablo Zöpke |

